El empleo público como parte del derecho del trabajo. La "doble indemnización" en el empleo público / (Registro nro. 5988)
[ vista simple ]
| 000 -LEADER | |
|---|---|
| fixed length control field | 01435nab a22002417a 4500 |
| 003 - CONTROL NUMBER IDENTIFIER | |
| control field | OSt |
| 005 - DATE AND TIME OF LATEST TRANSACTION | |
| control field | 20260115182358.0 |
| 008 - FIXED-LENGTH DATA ELEMENTS--GENERAL INFORMATION | |
| fixed length control field | 190605e xxu||||| |||| 00| 0 spa d |
| 040 ## - CATALOGING SOURCE | |
| Transcribing agency | PJ |
| 100 ## - MAIN ENTRY--PERSONAL NAME | |
| 9 (RLIN) | 6157 |
| Personal name | Lanchini, Matías F. |
| 245 13 - TITLE STATEMENT | |
| Title | El empleo público como parte del derecho del trabajo. La "doble indemnización" en el empleo público / |
| Statement of responsibility, etc | Matías F. Lanchini. |
| 260 ## - PUBLICATION, DISTRIBUTION, ETC. (IMPRINT) | |
| Place of publication, distribution, etc | Ciudad Autónoma de Buenos Aires : |
| Name of publisher, distributor, etc | Thomson Reuters La Ley, |
| Date of publication, distribution, etc | 2022. |
| 300 ## - PHYSICAL DESCRIPTION | |
| Extent | p. 94-102 |
| 500 ## - GENERAL NOTE | |
| General note | Cita: TR LALEY AR/DOC/3160/2022.<br/><br/> |
| 505 ## - FORMATTED CONTENTS NOTE | |
| Formatted contents note | Sumario: I. El empleo público y el derecho del trabajo.— II. El empleo público y las relaciones colectivas de trabajo.— III. La aplicación de la ley 20.744 en el empleo público. La cuestión de la estabilidad absoluta.— IV. La "doble indemnización".— V. La irrazonable exclusión de la doble indemnización en el empleo público. |
| 505 ## - FORMATTED CONTENTS NOTE | |
| Formatted contents note | Fallo comentado: CNTrab., sala VI ~ 27/04/2022 ~ Razzetti, Néstor c. Administración de Infraestructuras Ferroviarias Sociedad del Estado s/ despido. |
| 505 ## - FORMATTED CONTENTS NOTE | |
| Title | ¿Te interesa el texto completo? Solicitalo al correo: koha@justierradelfuego.gov.ar |
| 650 #0 - SUBJECT ADDED ENTRY--TOPICAL TERM | |
| 9 (RLIN) | 1316 |
| Topical term or geographic name as entry element | DERECHO LABORAL |
| 650 #0 - SUBJECT ADDED ENTRY--TOPICAL TERM | |
| 9 (RLIN) | 938 |
| Topical term or geographic name as entry element | EMPLEO PUBLICO |
| 650 #0 - SUBJECT ADDED ENTRY--TOPICAL TERM | |
| 9 (RLIN) | 1382 |
| Topical term or geographic name as entry element | INDEMNIZACION |
| 773 0# - HOST ITEM ENTRY | |
| Host Biblionumber | 2711 |
| Host Itemnumber | 3168 |
| Place, publisher, and date of publication | Ciudad Autónoma de Buenos Aires : Thomson Reuters La Ley, 1999-2002. |
| Title | Revista de derecho del trabajo. Nº 6 - Noviembre 2022 |
| 942 ## - ADDED ENTRY ELEMENTS (KOHA) | |
| Source of classification or shelving scheme | |
| Koha item type | Analítica Artículo de Revista |
No hay ítems disponibles.
